000 01134nam0a22002891 4500
001 rc\3957436
005 20241223152005.0
021 _aRU
_b[56-38099]
035 _a(NLR Aleph) 008048112
090 _a8924046
_c8924046
100 _a20130415d1956 |||y0rusy50 ca
101 0 _arus
102 _aRU
105 _ay z |||||
200 1 _aКак уберечь детей от летних поносов
_fЦентр. науч.-исслед. ин-т сан. просвещения М-ва здравоохранения СССР
210 _aМосква
_cБ. и.
_d1956
215 _a8 с.
_d20
225 1 _aРадиолекция
300 _aПеред загл. авт.: канд. мед. наук Т.С. Соколова
606 _aПоносы у детей
_xПрофилактика и борьба
_2psbo
700 1 _aСоколова
_bТ. С.
_cд-р мед. наук, аллергология
_f1919-2009
_gТатьяна Сергеевна
_3RU\NLR\AUTH\770275376
801 0 _aRU
_bNLR
_gpsbo
801 1 _aRU
_bELAR
_2rusmarc
852 _aNLR
_jМд96 Г-4/3185
942 _cBOOK
980 _aNB